Enzyme engineering

Gorde:
Xehetasun bibliografikoak
Egile Nagusiak: Chibata, Ichiro (Egilea), Fukui, Saburo (Egilea), Wingard, Lemuel B (Egilea)
Formatua: Liburua
Hizkuntza:ingelesa
Argitaratua: Nueva York Plenum Press 1982
Gaiak:
Etiketak: Etiketa erantsi
Etiketarik gabe, Izan zaitez lehena erregistro honi etiketa jartzen!

MARC

LEADER 00000nam a2200000 a 4500
001 UCX8223
003 CL-VaPUC
005 20240531092811.0
008 940314e19820000us 1 eng d
082 0 4 |a 660.634  |b CHI  |2 21 
100 1 |a Chibata, Ichiro  |e author  |9 616929 
700 1 |a Fukui, Saburo  |e author  |9 616930 
700 1 |a Wingard, Lemuel B  |e author  |9 616931 
245 1 0 |a Enzyme engineering 
260 |a Nueva York  |b Plenum Press  |c 1982 
300 |a v 
583 |a last modification  |c 19940314 00:00:00  |k Rodrigo Vera 
650 0 0 |a Enzimas  |9 262984 
650 0 0 |a Aplicaciones industriales  |9 259363 
942 |c BK 
945 |a mfernand  |d 19940314 00:00:00 
546 |a En Inglés 
518 |p Enzyme Engineering Conference, 6, Kashikojima, 1981 
999 |c 382194  |d 382192 
952 |0 0  |1 0  |4 0  |6 660_634000000000000_CHI_1982  |7 0  |8 A  |9 503765  |a BIBING  |b BIBING  |d 2020-01-23  |h v.6  |i 2962039  |o 660.634 CHI 1982  |p 2962039  |r 2025-01-20  |w 2020-01-23  |y BK  |k EIB